Normal view MARC view
  • GUPTA , PRINCE

Entry Personal Name

Number of records used in: 1

001 - CONTROL NUMBER

  • control field: 8820

003 - CONTROL NUMBER IDENTIFIER

  • control field: JRU

005 - DATE AND TIME OF LATEST TRANSACTION

  • control field: 20251125121319.0

008 - FIXED-LENGTH DATA ELEMENTS

  • fixed length control field: 251125|| aca||aabn | a|a d

040 ## - CATALOGING SOURCE

  • Original cataloging agency: JRU
  • Transcribing agency: JRU

100 ## - HEADING--PERSONAL NAME

  • Personal name: GUPTA , PRINCE

670 ## - SOURCE DATA FOUND

  • Source citation: Work cat.: (JRU)9002: GUPTA , PRINCE, TEXT BOOK OF HOSPITAL AND CLINICAL PHARMACY: FOR D PHARM [2ND YEAR], 2024